MARC details
| 000 -CABECERA |
| campo de control de longitud fija |
01048nam a2200277 a 4500 |
| 001 - NÚMERO DE CONTROL |
| campo de control |
000044881 |
| 005 - FECHA Y HORA DE LA ÚLTIMA TRANSACCIÓN |
| campo de control |
20240509192332.0 |
| 008 - DATOS DE LONGITUD FIJA--INFORMACIÓN GENERAL |
| campo de control de longitud fija |
150115s2015 dr a 000 0 spa d |
| 020 ## - NÚMERO INTERNACIONAL ESTÁNDAR DEL LIBRO |
| Número Internacional Estándar del Libro |
9789945896909 |
| 040 ## - FUENTE DE LA CATALOGACIÓN |
| Centro catalogador/agencia de origen |
DO-SdBNP |
| Lengua de catalogación |
spa |
| Centro/agencia transcriptor |
BNPHU |
| 082 ## - NÚMERO DE LA CLASIFICACIÓN DECIMAL DEWEY |
| Número de clasificación |
306.8 |
| Número de documento/Ítem |
P762o |
| 100 1# - ENTRADA PRINCIPAL--NOMBRE DE PERSONA |
| Nombre de persona |
Polanco, Edwin |
| 9 (RLIN) |
72889 |
| 245 10 - MENCIÓN DE TÍTULO |
| Título |
Ocho pasos hacia el altar : |
| Resto del título |
lo que todos deberían saber del matrimonio / |
| Mención de responsabilidad, etc. |
Edwin Polanco, Elizabeth Polanco; prólogo José Dunker; ilustración Lony Fernández Álvarez. |
| 260 ## - PUBLICACIÓN, DISTRIBUCIÓN, ETC. |
| Lugar de publicación, distribución, etc. |
Santo Domingo : |
| Nombre del editor, distribuidor, etc. |
Spirole agencia creativa, |
| Fecha de publicación, distribución, etc. |
2015. |
| 300 ## - DESCRIPCIÓN FÍSICA |
| Extensión |
174 p. : |
| Otras características físicas |
il. ; |
| Dimensiones |
18 cm. |
| 504 ## - NOTA DE BIBLIOGRAFÍA, ETC. |
| Nota de bibliografía, etc. |
Bibliografía p: 171-174 |
| 590 ## - NOTA LOCAL (RLIN) |
| Nota local |
Inventariado,2018/DG |
| 650 #0 - PUNTO DE ACCESO ADICIONAL DE MATERIA--TÉRMINO DE MATERIA |
| Término de materia o nombre geográfico como elemento de entrada |
Matrimonio |
| 9 (RLIN) |
797 |
| 650 #4 - PUNTO DE ACCESO ADICIONAL DE MATERIA--TÉRMINO DE MATERIA |
| Término de materia o nombre geográfico como elemento de entrada |
Educación para la vida familiar |
| 9 (RLIN) |
2729 |
| 650 #4 - PUNTO DE ACCESO ADICIONAL DE MATERIA--TÉRMINO DE MATERIA |
| Término de materia o nombre geográfico como elemento de entrada |
Sexo en el matrimonio |
| 9 (RLIN) |
804 |
| 650 #4 - PUNTO DE ACCESO ADICIONAL DE MATERIA--TÉRMINO DE MATERIA |
| Término de materia o nombre geográfico como elemento de entrada |
Matrimonio |
| Subdivisión general |
Aspectos religiosos |
| 9 (RLIN) |
2391 |
| 700 12 - PUNTO DE ACCESO ADICIONAL--NOMBRE DE PERSONA |
| Nombre de persona |
Fernández Álvarez, Lony |
| Término indicativo de función/relación |
il. |
| 9 (RLIN) |
72890 |
| 700 12 - PUNTO DE ACCESO ADICIONAL--NOMBRE DE PERSONA |
| Nombre de persona |
Polanco, Elizabeth |
| 9 (RLIN) |
72891 |
| 700 12 - PUNTO DE ACCESO ADICIONAL--NOMBRE DE PERSONA |
| Nombre de persona |
Dunker L., José, |
| Fechas asociadas al nombre |
1943- |
| Término indicativo de función/relación |
prol. |
| 9 (RLIN) |
1027 |
| 910 ## - DATOS DE OPCIÓN DEL USUARIO (OCLC) |
| Datos de opción del usuario |
Validado. Control de calidad MFF |